书目信息 |
| 题名: |
邓小平在上海过年
|
|
| 作者: | 彭瑞高 著 | |
| 分册: | ||
| 出版信息: | 上海 文汇出版社 2004 |
|
| 页数: | 155页 | |
| 开本: | 23cm | |
| 丛书名: | ||
| 单 册: | ||
| 中图分类: | A762 | |
| 科图分类: | ||
| 主题词: | ||
| 电子资源: | ||
| ISBN: | 7-80676-666-9 | |
| 000 | 00785nam0 2200229 450 | |
| 001 | 002724770 | |
| 005 | 20061119081227.04 | |
| 010 | @a7-80676-666-9@dCNY25.00 | |
| 100 | @a20040802d2004 em y0chiy0110 ea | |
| 101 | 0 | @achi |
| 102 | @aCN@b310000 | |
| 105 | @aa z 000yd | |
| 200 | 1 | @a邓小平在上海过年@9deng xiao ping zai shang hai guo nian@f彭瑞高著 |
| 210 | @a上海@c文汇出版社@d2004 | |
| 215 | @a155页@c照片@d23cm | |
| 330 | @a本书主要记述了在中国改革开放刚起步的1983、1984、1985年小平同志在上海过年的日子,记述了他《心中装着百姓的衣食住行》、《最高形式的支持》等。 | |
| 600 | 0 | @a邓小平@f(1904~1997)@x生平事迹 |
| 600 | 0 | @a邓小平@f(1904~1997) |
| 690 | @aA762@v4 | |
| 701 | 0 | @a彭瑞高@9peng rui gao@f(1949.7~)@4著 |
| 801 | 0 | @aCN@bNLC@c20061119 |
| 905 | @a10447@dA762@e161 | |
| 邓小平在上海过年/彭瑞高著.-上海:文汇出版社,2004 |
| 155页:照片;23cm |
| ISBN 7-80676-666-9:CNY25.00 |
| 本书主要记述了在中国改革开放刚起步的1983、1984、1985年小平同志在上海过年的日子,记述了他《心中装着百姓的衣食住行》、《最高形式的支持》等。 |
| ● |
| 相关链接 |
|
|
|
|
正题名:邓小平在上海过年
索取号:A762/161
 
预约/预借
| 序号 | 登录号 | 条形码 | 馆藏地/架位号 | 状态 | 备注 |
| 1 | 0392820 | 203928205 | 第一样本阅览室/ [索取号:A762/161] | 在馆 | |
| 2 | 0392821 | 203928214 | 第一借阅区/ [索取号:A762/161] | 在馆 | |
| 3 | 0392822 | 203928223 | 第一借阅区/ [索取号:A762/161] | 在馆 | |
| 4 | 0392823 | 203928232 | 第一借阅区/ [索取号:A762/161] | 在馆 | |
| 5 | 0392824 | 203928241 | 第一借阅区/ [索取号:A762/161] | 在馆 |